[Event "SLO-chT2 East"]
[Site "Velenje"]
[Date "2006.06.06"]
[Round "3"]
[White "Kiternas, Radovan"]
[Black "Penko, Igor"]
[Result "0-1"]
[WhiteElo "1969"]
[BlackElo "2223"]
[PlyCount "54"]
[EventDate "2006.05.21"]
[EventType "team"]
[EventRounds "9"]
[EventCountry "SLO"]
[SourceTitle "EXT 2008"]
[Source "ChessBase"]
[SourceDate "2007.11.25"]
[SourceVersion "1"]
[SourceVersionDate "2007.11.25"]
[SourceQuality "1"]

1. e4 c5 2. Nc3 Nc6 3. Bb5 e5 4. Nf3 Nge7 5. a3 g6 6. 0-0 Bg7 7. Re1 0-0 8. Bf1 d5 9. exd5 Nxd5 10. Nxd5 Qxd5 11. d3 b6 12. Bd2 Bb7 13. Qe2 f5 14. Bc3 Rae8 15. Rad1 h6 16. Qe3 Kh7 17. b3 Nd4 18. Bxd4 cxd4 19. Qd2 Rc8 20. Re2 Rc3 21. Ne1 Rfc8 22. f3 Bf6 23. Rb1 Bg5 24. Qd1 Be3+ 25. Kh1 g5 26. g3 g4 27. Bg2 gxf3 0-1